| Tag |
First Indicator |
Second Indicator |
Subfields |
| LEADER |
00000cam a22000001a 4500 |
| 001 |
in00003253821 |
| 006 |
m d f |
| 007 |
cr bn mmmapmmp |
| 008 |
091024s1995 dcua ob f000 0 eng d |
| 005 |
20260504170834.0 |
| 035 |
|
|
|a cis2007464405
|
| 040 |
|
|
|a UMI
|c UMI
|d UtOrBLW
|
| 043 |
|
|
|a n-us---
|
| 074 |
|
|
|a 1010-A
|
| 074 |
|
|
|a 1010-B (MF)
|
| 086 |
0 |
|
|a Y 4.AG 8/1:104-10
|
| 088 |
|
|
|a Serial no. 104-10 (United States. Congress. House. Committee on Agriculture)
|
| 099 |
|
|
|a HRG-1995-HAG-0009
|
| 110 |
1 |
|
|a United States.
|b Congress.
|b House.
|b Committee on Agriculture.
|b Subcommittee on General Farm Commodities.
|
| 245 |
1 |
0 |
|a Review of the government acreage idling provisions and their impact on program commodity crops :
|b hearing before the Subcommittee on General Farm Commodities of the Committee on Agriculture, House of Representatives, One Hundred Fourth Congress, first session, March 29, 1995.
|
| 264 |
|
1 |
|a Washington :
|b U.S. G.P.O. :
|c 1995.
|
| 264 |
|
2 |
|a Washington :
|b For sale by the U.S. G.P.O., Supt. of Docs., Congressional Sales Office,
|
| 300 |
|
|
|a 1 online resource.
|
| 336 |
|
|
|a text
|b txt
|2 rdacontent
|
| 337 |
|
|
|a computer
|b c
|2 rdamedia
|
| 338 |
|
|
|a online resource
|b cr
|2 rdacarrier
|
| 500 |
|
|
|a Record is based on bibliographic data in ProQuest Congressional Hearings Digital Collection. Reuse except for individual research requires license from ProQuest, LLC.
|
| 504 |
|
|
|a Includes bibliographical references.
|
| 538 |
|
|
|a System requirements: PDF reader software.
|
| 500 |
|
|
|a Electronic resource.
|
| 650 |
|
0 |
|a Acreage allotments
|z United States.
|
| 650 |
|
0 |
|a Commercial products
|z United States.
|
| 650 |
|
0 |
|a Agriculture and state
|z United States.
|
| 655 |
|
7 |
|a Electronic books.
|2 local
|
| 710 |
2 |
|
|a ProQuest (Firm)
|
| 776 |
0 |
8 |
|i Print version:
|a United States. Congress. House. Committee on Agriculture. Subcommittee on General Farm Commodities.
|t Review of the government acreage idling provisions and their impact on program commodity crops
|w (OCoLC)32654041
|w (DGPO)95076377
|
| 776 |
0 |
8 |
|i Microfiche version:
|a United States. Congress. House. Committee on Agriculture. Subcommittee on General Farm Commodities.
|t Review of the government acreage idling provisions and their impact on program commodity crops.
|d [Bethesda, Md.] : ProQuest,[2004]
|o CIS 95 H161-38
|w (ProQuest)cis09500035
|
| 830 |
|
0 |
|a U.S. Congressional Hearings.
|
| 856 |
4 |
0 |
|u http://proxy.library.tamu.edu/login?url=https://congressional.proquest.com/congcomp/getdoc?HEARING-ID=HRG-1995-HAG-0009
|z Connect to the full text of this electronic book
|t 0
|
| 998 |
|
|
|a cis09500035
|
| 999 |
|
|
|a MARS
|
| 999 |
f |
f |
|s 8f0090c3-7abd-38df-b8ae-4a92c011c48d
|i 38256b31-e0ff-351f-bdd1-8d7cfb92ac25
|t 0
|
| 952 |
f |
f |
|a Texas A&M University
|b College Station
|c Electronic Resources
|s www_evans
|d Available Online
|t 0
|e HRG-1995-HAG-0009
|h Other scheme
|
| 998 |
f |
f |
|a HRG-1995-HAG-0009
|t 0
|l Available Online
|